! نمط جديد من الحياة استمتع به (Record no. 13914)

MARC details
000 -LEADER
fixed length control field 00630nam a2200205 4500
008 - FIXED-LENGTH DATA ELEMENTS--GENERAL INFORMATION
fixed length control field b xx# ara u
010 ## - LIBRARY OF CONGRESS CONTROL NUMBER
LC control number 43858/62
040 ## - CATALOGING SOURCE
Original cataloging agency LB-BrCRDP
082 ## - DEWEY DECIMAL CLASSIFICATION NUMBER
Classification number 613.2/R722n
100 1# - MAIN ENTRY--PERSONAL NAME
Personal name . روجر, جورج د. بامبلونة
130 0# - MAIN ENTRY--UNIFORM TITLE
Language of a work AR
240 ## - UNIFORM TITLE
Uniform title Namat Jadid
245 10 - TITLE STATEMENT
Title ! نمط جديد من الحياة استمتع به
Statement of responsibility, etc. جورج د. بامبلونة روجر
260 ## - PUBLICATION, DISTRIBUTION, ETC.
Place of publication, distribution, etc. مدريد
Name of publisher, distributor, etc. مطبعة سافيليث
Date of publication, distribution, etc. 1996
300 ## - PHYSICAL DESCRIPTION
Extent 190 ص . ؛
Dimensions 25 سم
650 ## - SUBJECT ADDED ENTRY--TOPICAL TERM
Topical term or geographic name entry element التغذية
700 0# - ADDED ENTRY--PERSONAL NAME
Personal name George Roger
942 ## - ADDED ENTRY ELEMENTS (KOHA)
Koha item type Books
Holdings
Withdrawn status Lost status Source of classification or shelving scheme Damaged status Not for loan Home library Current library Shelving location Date acquired Total Checkouts Full call number Barcode Date last seen Copy number Price effective from Koha item type
    Dewey Decimal Classification     مكتبة المطبعة - سن الفيل مكتبة المطبعة - سن الفيل Salle de Lecture 07/28/2016   613.2 R722n CRF002011 07/28/2016 2 07/28/2016 Books
    Dewey Decimal Classification     مكتبة المطبعة - سن الفيل مكتبة المطبعة - سن الفيل Salle de Lecture 07/28/2016   613.2 R722n CRF002012 07/28/2016 2 07/28/2016 Books
    Dewey Decimal Classification     مكتبة المطبعة - سن الفيل مكتبة المطبعة - سن الفيل Salle de Lecture 07/28/2016   613.2 R722n CRF002013 07/28/2016 1 07/28/2016 Books
    Dewey Decimal Classification     مكتبة المطبعة - سن الفيل مكتبة المطبعة - سن الفيل Salle de Lecture 07/28/2016   613.2 R722n CRF002014 07/28/2016 1 07/28/2016 Books
    Dewey Decimal Classification     مكتبة المطبعة - سن الفيل مكتبة المطبعة - سن الفيل Salle de Lecture 07/28/2016   613.2 R722n CRF002015 07/28/2016 1 07/28/2016 Books